00512 2200205 4500001002100000005001500021035002000036245005000056100001800106250001200124300002100136700001600157260004500173082001400218084002000232020002200252650001000274990001100284990001100295INLIS00000000000193720251224021435 a0010-12250000131 aAnimal Farm = Republik Hewan /cGeorge Orwell0 aGeorge Orwell aCet. 12 a128 hlm ;c20 cm0 aDjokolelono aJakarta :bGramedia Pustaka Utama,c2025 a899.221'3 a899.221'3 GEO a a978-602-06-5547-5 4aNovel a003993 a003992